01818cam a2200253 a 4500001000800000005001700008008004100025010001700066020001500083040001800098050001500116082001400131100001700145245008200162260004800244300003800292500006300330504005100393505100900444650002101453650002301474650002101497710004601518490447320210414113933.0940201s1994 cauab b 001 0 eng  a 94001702  a1558153241 aDLCcDLCdDLC00aHD82.L257 00a338.92201 aLal, Deepak.10aAgainst dirigisme : the case for unshackling economic markets. /cDeepak Lal. aSan Francisco, Calif. :bICS Press,cc1994. axi, 339 p. :bill., map ;c23 cm. a"An International Center for Economic Growth publication." aIncludes bibliographical references and index. aContents: The Misconceptions of ''development economics'' -- Markets, mandarins and mathematics -- Manners, morals and materialism: some Indian perceptions of America and Great Britain -- Poverty, power and prejudice: The North-South confrontation -- Trade and welfare: The Wistful mercantilism of Mr. Dell -- Politicians, economist and protection: the deaf meet the blind -- Does openness matter? How to appraise the evidence -- Resurrection of the pauper-labour arguement -- Money, exchange rates and economic integration: The Migration of money: From a liberation viewpoint -- Alternative roads to economic integration: the case for currency competition in European integration -- The limits of international cooperation addendum: greenery and the third world -- Trade blocs and multilateral free trade -- Fiscal and social policies: -- Fighting fiscal priviledge: toward a fiscal constitution -- Structural adjustment, the basic needs approach and development policy -- Social policy afte socialism. 0aEconomic policy. 0aCommercial policy. 0aFree enterprise.2 aInternational Center for Economic Growth.